00410nam a2200157Ia 4500003000400000005001700004008004100021020001800062040000900080082001800089100002600107245004100133260004900174300000900223650002000232OSt20200207104923.0190216s9999||||xx |||||||||||||| ||und|| a9788182713857 coclc a297.63bZAK/M a Zakariya, P A Rafeeq 0aMuhamed Nabi /cP A Rafeeq Zakariya  bIslamic Publishing House,a2008.cKozhikode: a197p aIslamic History